Statistics for Geography by Letter on the Map of South America - B

Click here to take the quiz!

General Stats

  • This quiz has been taken 4,144 times
  • The average score is 6 of 10

Answers on the Map

Answers color-coded by a green-red scale on the quiz's map according to % correct below.
 

Answer Stats

Answer% Correct
Brazil
100%
Bogota
96%
Bolivia
96%
Buenos Aires
94%
Brasilia
91%
Belo Horizonte
59%
Barranquilla
45%
Bonaire
40%
Bahia
24%
Bonete Chico
4%

Score Distribution

Percentile by Number Answered

Percent of People with Each Score

Your Score History

You have not taken this quiz